00763cam a2200205 a 450000100100000000500170001000800410002702000160006804000230008408200190010710000470012624500510017326000680022430000210029265000300031365000430034391000340038695201220042099900150054200000598820200929151855.0880823s1986 ck 001 p spa  z95890750405 aDO-SdBNPcDLCdDLC aC861.44bC355j1 aCastro Saavedra, Carlos.d1924-198991687510aJugando con el gato /cCarlos Castro Saavedra. aMedellín :bBiblioteca Pública Piloto de Medellín,c1986. a203 p. ;c20 cm. 4aPoesía colombiana93742 4aLiteratura colombianaySIGLO XX914409 aCatalogación por copia / LC 001052708MOaGRbGRcCTd2009-08-25iLF1l0oC861.44 C355jp5988-10r2020-06-25w2020-06-25y2ZPréstamo interno c5784d5784